Loading...
Philosophy | 1 | 7 | 1 | 0 | 80 | 56 | 102.75 | 0 | 5 |
Fine Arts - Other Fine Arts | 1 | 2 | 0 | 1 | 35 | 57 | 113.67 | 0 | 0 |
Literature - American Literature | 0 | 3 | 0 | 1 | 30 | 122 | 137.00 | 0 | 0 |
History - US History | 0 | 2 | 1 | 0 | 15 | 98 | 113.00 | 0 | 0 |
Science - Other Science | 0 | 1 | 0 | 1 | 10 | 142 | 142.00 | 0 | 0 |
Fine Arts - Classical Music and Opera | 0 | 1 | 0 | 0 | 10 | 139 | 139.00 | 0 | 0 |
History - World History | 0 | 1 | 0 | 1 | 10 | 148 | 148.00 | 0 | 0 |
Literature - European Literature | 0 | 1 | 0 | 0 | 10 | 147 | 147.00 | 0 | 0 |
Science - Biology | 0 | 1 | 0 | 1 | 10 | 130 | 130.00 | 0 | 0 |
Science - Earth Science | 0 | 1 | 0 | 0 | 10 | 123 | 123.00 | 0 | 0 |
History - Other History | 0 | 1 | 1 | 1 | 5 | 137 | 137.00 | 0 | 0 |
History - European History | 0 | 1 | 1 | 0 | 5 | 135 | 135.00 | 0 | 1 |
Other Academic | 0 | 1 | 2 | 0 | 0 | 99 | 99.00 | 0 | 0 |
Fine Arts - Visual Fine Arts | 0 | 0 | 0 | 0 | 0 | 0.00 | 0 | 0 | |
Geography | 0 | 0 | 1 | 0 | -5 | 0.00 | 0 | 0 | |
Beliefs | 0 | 0 | 2 | 0 | -10 | 0.00 | 0 | 0 |